ბათუმის შოთა რუსთაველის სახელმწიფო უნივერსიტეტის ბიბლიოთეკა

Государственное управление экономическими и социальными процессами. (ბიბ.ჩანაწერი № 35161)

000 -LEADER
fixed length control field 00739nam a2200229Ia 4500
001 - CONTROL NUMBER
control field 1004
003 - CONTROL NUMBER IDENTIFIER
control field GE_BSU
008 - FIXED-LENGTH DATA ELEMENTS--GENERAL INFORMATION
fixed length control field 181216s||||||||xx |||||||||||||| ||und||
020 ## - INTERNATIONAL STANDARD BOOK NUMBER
International Standard Book Number 516002199Х
040 ## - CATALOGING SOURCE
Transcribing agency GE_BSU
080 ## - UNIVERSAL DECIMAL CLASSIFICATION NUMBER
Universal Decimal Classification number 336(075.8)
100 ## - MAIN ENTRY--PERSONAL NAME
Personal name Райзберг,Б.А.
245 ## - TITLE STATEMENT
Title Государственное управление экономическими и социальными процессами.
245 ## - TITLE STATEMENT
Remainder of title Учебное пособие.
260 ## - PUBLICATION, DISTRIBUTION, ETC.
Place of publication, distribution, etc. Москва
260 ## - PUBLICATION, DISTRIBUTION, ETC.
Name of publisher, distributor, etc. ИНФРА
260 ## - PUBLICATION, DISTRIBUTION, ETC.
Date of publication, distribution, etc. 2005
300 ## - PHYSICAL DESCRIPTION
Extent 384 с.
653 ## - INDEX TERM--UNCONTROLLED
Uncontrolled term Государственное управление экономическим и социальными процессами
942 ## - ADDED ENTRY ELEMENTS (KOHA)
Koha item type წიგნი
ეგზემპლარები
Withdrawn status Lost status Damaged status Not for loan Date acquired Barcode Date last seen Price effective from Koha item type
        2018-12-17 1002 2018-12-17 2018-12-17 წიგნი